000
00376nam a2200133Ia 4500
008
100328s9999 xx 000 0 und d
082
_b
30628
100
_a
पाटील दि.द.
245
_a
दसरा उजाडला
260
_b
जयहिंद
630
_a
दसरा उजाडला
730
_a
दसरा उजाडला
942
_c
BOOK
999
_c
521597
_d
521594